=LDR 00000nam 2200000 4500 =001 INLIS000000000014166 =005 20130612105444 =008 ***********************************Ind** =035 ##$$0010-061300000014166 =041 ##$$a Ind =082 ##$$a 658.83 =090 ##$$a 658.83, Set p =100 ##$$a Setiadi, Nugroho J =245 ##$$a Perilaku konsumen, Konsep dan implikasi untuk strategi dan penelitian pemasaran, Nugroho J.Setiadi =260 ##$$a 2003 $b Jakarta =300 ##$$a xvii, 436 hlm, Ilus, 24 cm =650 ##$$a Konsumen =850 ##$$a NBPNMAT